| 000 | 00000nam 2200000za 4500 |
| 001 | 9.563855 |
| 003 | CaOODSP |
| 005 | 20211124085853 |
| 007 | cr ||||||||||| |
| 008 | 150406s1999 onc|||||o f|0| 0 eng d |
| 040 | |aCaOODSP|beng |
| 043 | |an-cn--- |
| 086 | 1 |aPS63-2/1999-1E-PDF |
| 245 | 00|aLow back pain among RCMP officers |h[electronic resource] : |ban investigation into vehicles, duty belts and boots / |cShawan Kumar, Yogesh Narayan. |
| 260 | |a[Ottawa] : |bPublic Safety Canada, |c1999. |
| 300 | |a52 p. : |bill. |
| 490 | 1 |aTechnical report, |x1912-4201 ; |vTR-01-99 |
| 590 | |a08-02-Supp|b2008-04-07 |
| 690 | 07|aOccupational health|2gcpds |
| 690 | 07|aPolice services|2gcpds |
| 690 | 07|aPolicing|2gcpds |
| 710 | 1 |aCanada. |bPublic Safety Canada. |
| 720 | 1 |aKumar, Shawan |
| 720 | 1 |aNarayan, Yogesh |
| 830 | #0|aTechnical report - Canadian Police Research Centre,|x1912-4201 ; |vTR-01-99|w(CaOODSP)9.505188 |
| 856 | 40|ahttp://publications.gc.ca|qPDF|s960 KB|uhttps://publications.gc.ca/collections/collection_2008/ps-sp/PS63-2-1999-1E.pdf|yTR-01-99 |